[Event "Madurai Athens of the East op-A 4th"]
[Site "Madurai"]
[Date "2024.12.29"]
[Round "8"]
[White "Fedorov, Alexei"]
[Black "Saurabh, Anand"]
[Result "1-0"]
[WhiteElo "2385"]
[BlackElo "2223"]
[PlyCount "67"]
[EventDate "2024.12.24"]
[EventType "swiss"]
[EventRounds "10"]
[EventCountry "IND"]
[SourceTitle "CB02_2025"]
[SourceDate "2025.01.08"]
[SourceVersion "1"]
[SourceVersionDate "2025.01.08"]
[SourceQuality "1"]

1. e4 e5 2. Nf3 Nc6 3. Bc4 Nf6 4. d3 Bc5 5. c3 a6 6. Bg5 h6 7. Bh4 d6 8. Nbd2 Ba7 9. 0-0 g5 10. Bg3 Na5 11. Bd5 h5 12. h4 g4 13. Ng5 Nxd5 14. exd5 f6 15. Nge4 c6 16. c4 cxd5 17. cxd5 b5 18. Kh1 0-0 19. b4 Nb7 20. f4 Bf5 21. Rc1 a5 22. a3 Bd4 23. Qb3 axb4 24. axb4 Ra6 25. Bf2 Bxf2 26. Rxf2 Qb6 27. fxe5 Bxe4 28. Nxe4 dxe5 29. d6+ Kh8 30. Rxf6 Qd8 31. Rh6+ Kg7 32. Qe6 Rxd6 33. Rg6+ Kh7 34. Rc7+ 1-0

[Event "Bhubaneswar Odisha op"]
[Site "Bhubaneswar"]
[Date "2024.12.16"]
[Round "2"]
[White "Ayush, Sharma"]
[Black "Saurabh, Anand"]
[Result "1-0"]
[WhiteElo "2466"]
[BlackElo "2223"]
[PlyCount "99"]
[EventDate "2024.12.15"]
[EventType "swiss"]
[EventRounds "10"]
[EventCountry "IND"]
[SourceTitle "CB52_2024"]
[SourceDate "2024.12.25"]
[SourceVersion "1"]
[SourceVersionDate "2024.12.25"]
[SourceQuality "1"]

1. e4 e5 2. Nf3 Nc6 3. Bb5 a6 4. Ba4 Nf6 5. 0-0 Be7 6. Re1 b5 7. Bb3 d6 8. c3 0-0 9. h3 Nb8 10. d3 Nbd7 11. Nbd2 c5 12. Nf1 h6 13. Nh4 Nb6 14. Ng6 c4 15. Nxe7+ Qxe7 16. dxc4 Nxc4 17. Bc2 Be6 18. b3 Nb6 19. Be3 Rab8 20. f4 Rfd8 21. Qf3 exf4 22. Qxf4 d5 23. Qf2 Nbd7 24. exd5 Nxd5 25. Bd4 Qg5 26. Ne3 N7f6 27. h4 Qf4 28. Qxf4 Nxf4 29. Be5 N6d5 30. Bxb8 Rxb8 31. g3 Nxe3 32. Rxe3 Nd5 33. Rf3 Rc8 34. Rc1 Nxc3 35. Rxc3 Rxc3 36. Bh7+ Kxh7 37. Rxc3 a5 38. Rc5 Bd7 39. Rc7 Be8 40. Re7 Bc6 41. Rxf7 a4 42. b4 Bd5 43. Rf5 Bc4 44. a3 Kg6 45. g4 Be2 46. Kf2 Bd3 47. h5+ Kh7 48. Rd5 Bc4 49. Rc5 Bd3 50. Rc3 1-0

[Event "Bangalore op-A 1st"]
[Site "Bangalore"]
[Date "2024.01.21"]
[Round "6"]
[White "Saurabh, Anand"]
[Black "Mohammad, Nubairshah Shaikh"]
[Result "0-1"]
[WhiteElo "2243"]
[BlackElo "2428"]
[PlyCount "122"]
[EventDate "2024.01.18"]
[EventType "swiss"]
[EventRounds "10"]
[EventCountry "IND"]
[SourceTitle "CBM 218 Extra"]
[Source "ChessBase"]
[SourceDate "2024.03.31"]
[SourceVersion "1"]
[SourceVersionDate "2024.03.31"]
[SourceQuality "1"]

1. d4 d5 2. c4 c6 3. Nc3 dxc4 4. e3 b5 5. a4 b4 6. Ne4 Qd5 7. Nd2 c3 8. bxc3 bxc3 9. Nb1 Qa5 10. Qc2 Na6 11. Qxc3 Nb4 12. Bd2 e6 13. Nf3 Nf6 14. Ne5 Ne4 15. Qc1 Bb7 16. Be2 Be7 17. 0-0 0-0 18. f3 Nf6 19. Nd3 Nxd3 20. Bxa5 Nxc1 21. Rxc1 c5 22. Nd2 cxd4 23. exd4 Rac8 24. Rab1 Rxc1+ 25. Rxc1 Nd5 26. Ne4 Rc8 27. Rxc8+ Bxc8 28. Kf2 f5 29. Nc3 Nb4 30. Bc7 Nc6 31. d5 Bc5+ 32. Kf1 exd5 33. Nxd5 Be6 34. Nf4 Bb3 35. a5 Kf7 36. g4 Be3 37. gxf5 Nxa5 38. Bxa5 Bxf4 39. Kg2 Bc2 40. Ba6 Bxf5 41. Bc3 Be3 42. Kg3 g6 43. Be5 Ke6 44. Bf4 Bxf4+ 45. Kxf4 Kf6 46. Kg3 Ke5 47. Kf2 Kf4 48. Ke2 Be6 49. Bb7 Bc4+ 50. Kd2 h5 51. Be4 g5 52. Bc6 h4 53. Bb7 Bb5 54. Bd5 a5 55. Bb7 a4 56. Bd5 Ba6 57. Bc6 a3 58. Kc3 a2 59. Kb2 Bc4 60. Ka1 Be6 61. Kb2 Ke5 0-1

[Event "Bangalore op-A 1st"]
[Site "Bangalore"]
[Date "2024.01.19"]
[Round "3"]
[White "Sandipan, Chanda"]
[Black "Saurabh, Anand"]
[Result "1-0"]
[WhiteElo "2486"]
[BlackElo "2243"]
[PlyCount "117"]
[EventDate "2024.01.18"]
[EventType "swiss"]
[EventRounds "10"]
[EventCountry "IND"]
[SourceTitle "CBM 218 Extra"]
[Source "ChessBase"]
[SourceDate "2024.03.31"]
[SourceVersion "1"]
[SourceVersionDate "2024.03.31"]
[SourceQuality "1"]

1. d4 d5 2. c4 c6 3. Nf3 Nf6 4. e3 Bg4 5. h3 Bh5 6. Nc3 e6 7. g4 Bg6 8. Ne5 Nbd7 9. Nxg6 hxg6 10. a3 Be7 11. Bd2 g5 12. Qf3 0-0 13. h4 gxh4 14. Rxh4 g5 15. Rh1 Kg7 16. 0-0-0 Qc7 17. e4 Nxe4 18. Nxe4 dxe4 19. Qxe4 Rh8 20. Bd3 Nf6 21. Qg2 Rxh1 22. Rxh1 Rh8 23. Rxh8 Kxh8 24. Bxg5 Kg7 25. Be3 Bd6 26. g5 Ng8 27. Qe4 Kf8 28. g6 Qe7 29. c5 Bc7 30. Bc4 Nf6 31. Bh6+ Ke8 32. gxf7+ Kxf7 33. Qf5 Qd7 34. Bg5 Qxd4 35. Bxe6+ Kg7 36. Be3 Qh4 37. Ba2 Qh1+ 38. Kd2 Qe4 39. Qxe4 Nxe4+ 40. Kd3 Nf6 41. Be6 b6 42. Bc8 Kf7 43. Bb7 Nd7 44. cxb6 axb6 45. b4 Ne5+ 46. Kc3 Ke6 47. f4 Ng6 48. Bxc6 Nxf4 49. Kc4 Ng6 50. Kb5 Ne5 51. a4 Kd6 52. Be4 Nd7 53. Bf5 Bd8 54. Bxd7 Kxd7 55. Bxb6 Be7 56. Bc5 Bg5 57. Kb6 Kc8 58. Bd6 Be3+ 59. Kc6 1-0

[Event "Indore op 2nd"]
[Site "Indore"]
[Date "2024.01.12"]
[Round "6"]
[White "Saurabh, Anand"]
[Black "Ayush, Sharma"]
[Result "1/2-1/2"]
[WhiteElo "2243"]
[BlackElo "2378"]
[PlyCount "154"]
[EventDate "2024.01.09"]
[EventType "swiss"]
[EventRounds "10"]
[EventCountry "IND"]
[SourceTitle "CBM 218 Extra"]
[Source "ChessBase"]
[SourceDate "2024.03.31"]
[SourceVersion "1"]
[SourceVersionDate "2024.03.31"]
[SourceQuality "1"]

1. d4 Nf6 2. c4 e6 3. Nf3 b6 4. g3 Ba6 5. b3 Bb4+ 6. Bd2 Be7 7. Nc3 c6 8. e4 d5 9. Bd3 dxe4 10. Nxe4 Nbd7 11. Qe2 0-0 12. 0-0-0 Bb7 13. g4 c5 14. Bc3 Qc7 15. Kb1 Qf4 16. Rhe1 Nxe4 17. Bxe4 Bxe4+ 18. Qxe4 Qxe4+ 19. Rxe4 Nf6 20. Re2 Nxg4 21. Rg1 Nf6 22. d5 Nh5 23. Nd2 Bh4 24. dxe6 fxe6 25. Rxe6 Bxf2 26. Rg5 g6 27. Ne4 Bh4 28. Rg4 Kf7 29. Rc6 Be7 30. Rc7 Ke8 31. Be5 Rf7 32. Rg2 Bf8 33. Rd2 Rxc7 34. Bxc7 Rc8 35. Be5 Rc6 36. Rd5 Re6 37. Nc3 Bg7 38. Bxg7 Nxg7 39. Nb5 Re7 40. Kc2 Nf5 41. Kd3 a6 42. Nc3 Re3+ 43. Kd2 Rh3 44. Re5+ Kd7 45. Nd5 Rxh2+ 46. Kd3 b5 47. Nf6+ Kd6 48. Rd5+ Ke6 49. Ne4 bxc4+ 50. bxc4 Rxa2 51. Ng5+ Ke7 52. Nxh7 Ra3+ 53. Ke4 Rh3 54. Rxc5 Nd6+ 55. Kd4 Rh4+ 56. Kd3 Rh3+ 57. Kd4 Nf5+ 58. Ke4 Rh5 59. Rc7+ Kd6 60. Ra7 Kc5 61. Nf8 Nd6+ 62. Kd3 Rh3+ 63. Kc2 Rh2+ 64. Kd3 Rh3+ 65. Kc2 Kb6 66. Rg7 Nxc4 67. Rxg6+ Kb5 68. Ne6 Kb4 69. Nf4 Rc3+ 70. Kb1 Kb3 71. Ne2 Nd2+ 72. Ka1 Rc4 73. Rxa6 Kc2 74. Ka2 Kd1 75. Re6 Rc2+ 76. Ka3 Nb1+ 77. Kb4 Rxe2 1/2-1/2

[Event "Indore op 2nd"]
[Site "Indore"]
[Date "2024.01.12"]
[Round "5"]
[White "Saurabh, Anand"]
[Black "De Silva, LMST"]
[Result "1/2-1/2"]
[WhiteElo "2243"]
[BlackElo "2398"]
[PlyCount "61"]
[EventDate "2024.01.09"]
[EventType "swiss"]
[EventRounds "10"]
[EventCountry "IND"]
[SourceTitle "CBM 218 Extra"]
[Source "ChessBase"]
[SourceDate "2024.03.31"]
[SourceVersion "1"]
[SourceVersionDate "2024.03.31"]
[SourceQuality "1"]

1. d4 Nf6 2. c4 e6 3. Nf3 d5 4. Nc3 Bb4 5. cxd5 exd5 6. Bg5 h6 7. Bh4 0-0 8. e3 Bf5 9. Be2 g5 10. Bg3 Ne4 11. Qb3 c5 12. dxc5 Nc6 13. 0-0 Bxc3 14. bxc3 Nxc5 15. Qb5 Qe7 16. Rac1 Rfd8 17. Nd4 Bd7 18. Nxc6 Bxc6 19. Qb4 Re8 20. c4 dxc4 21. Bxc4 b6 22. f3 Qxe3+ 23. Bf2 Qe5 24. Rfe1 Qf5 25. Qd2 Red8 26. Qc3 Re8 27. Qd2 Red8 28. Qc3 Re8 29. Qd2 Red8 30. Qc3 Re8 31. Qd2 1/2-1/2

[Event "Indore op 2nd"]
[Site "Indore"]
[Date "2024.01.11"]
[Round "4"]
[White "Glek, Igor Vladimirovich"]
[Black "Saurabh, Anand"]
[Result "1/2-1/2"]
[WhiteElo "2423"]
[BlackElo "2243"]
[PlyCount "111"]
[EventDate "2024.01.09"]
[EventType "swiss"]
[EventRounds "10"]
[EventCountry "IND"]
[SourceTitle "CBM 218 Extra"]
[Source "ChessBase"]
[SourceDate "2024.03.31"]
[SourceVersion "1"]
[SourceVersionDate "2024.03.31"]
[SourceQuality "1"]

1. e4 e5 2. Nf3 Nc6 3. Bb5 a6 4. Bxc6 dxc6 5. 0-0 Bd6 6. d4 exd4 7. Qxd4 f6 8. b3 Ne7 9. Ba3 Be6 10. Bxd6 Qxd6 11. Qe3 c5 12. Nc3 0-0-0 13. e5 Qc6 14. exf6 gxf6 15. Rfe1 Nd5 16. Qxe6+ Qxe6 17. Rxe6 Nxc3 18. Rxf6 Nxa2 19. Rf7 Nc3 20. h4 Rd7 21. Rxd7 Kxd7 22. Ne5+ Kc8 23. Nd3 Re8 24. f4 Re2 25. f5 Nd5 26. Rf1 Kd8 27. f6 Ke8 28. Nxc5 Kf7 29. Nxb7 Nxf6 30. Nc5 Kg6 31. c4 a5 32. Nd3 Re4 33. Ra1 Re3 34. Nf2 Kh5 35. Rxa5+ Kxh4 36. Rf5 Ng4 37. Nxg4 Kxg4 38. Rf7 h5 39. b4 c5 40. bxc5 Rc3 41. c6 Rxc4 42. c7 Kg3 43. Rg7+ Kf4 44. Kf2 Rc2+ 45. Ke1 Ke3 46. Re7+ Kd3 47. Kf1 Kd4 48. Kg1 h4 49. Kf1 Kd5 50. Rh7 Kd6 51. Kg1 h3 52. g4 Ke5 53. Rf7 Ke6 54. Rf3 Rxc7 55. Rxh3 Kf6 56. Rh5 1/2-1/2

[Event "Badalona op 46th"]
[Site "Badalona"]
[Date "2022.08.10"]
[Round "9"]
[White "Saurabh, Anand"]
[Black "Perpinya Rofes, Lluis Maria"]
[Result "1-0"]
[WhiteElo "2211"]
[BlackElo "2301"]
[PlyCount "88"]
[EventDate "2022.08.02"]
[EventType "swiss"]
[EventRounds "9"]
[EventCountry "ESP"]
[SourceTitle "CBM 209 Extra"]
[Source "ChessBase"]
[SourceDate "2022.09.30"]
[SourceVersion "1"]
[SourceVersionDate "2022.09.30"]
[SourceQuality "1"]

1. d4 d5 2. c4 dxc4 3. e3 b5 4. a4 b4 5. Nd2 Nf6 6. Nxc4 e6 7. Nf3 Be7 8. Bd3 0-0 9. 0-0 Bb7 10. a5 c5 11. b3 Nbd7 12. Bb2 Rc8 13. Qe2 Qc7 14. Rfc1 Qb8 15. a6 Ba8 16. Nfe5 Rfd8 17. Nxd7 Rxd7 18. Rc2 Rdd8 19. Rac1 Nd5 20. Ne5 g6 21. Bc4 Bf6 22. Bxd5 Bxd5 23. Ng4 Bg7 24. dxc5 e5 25. c6 Qc7 26. Rc5 f6 27. e4 Bxb3 28. Ne3 Bh6 29. Qb5 Bxe3 30. fxe3 Rb8 31. Qa5 Rb6 32. Rb5 Rdb8 33. Rxb4 Be6 34. Ba3 Kf7 35. h3 g5 36. Rbb1 Kg6 37. Bc5 Rxb1 38. Qxc7 Rxc1+ 39. Kh2 Rbb1 40. Bf8 Rh1+ 41. Kg3 Bf7 42. Qd7 Rhf1 43. c7 h5 44. c8Q h4+ 1-0

[Event "Badalona op 46th"]
[Site "Badalona"]
[Date "2022.08.08"]
[Round "7"]
[White "Arpan, Das"]
[Black "Saurabh, Anand"]
[Result "0-1"]
[WhiteElo "2173"]
[BlackElo "2211"]
[PlyCount "92"]
[EventDate "2022.08.02"]
[EventType "swiss"]
[EventRounds "9"]
[EventCountry "ESP"]
[SourceTitle "CBM 209 Extra"]
[Source "ChessBase"]
[SourceDate "2022.09.30"]
[SourceVersion "1"]
[SourceVersionDate "2022.09.30"]
[SourceQuality "1"]

1. e4 c5 2. Nf3 d6 3. d4 cxd4 4. Nxd4 Nf6 5. Nc3 Nc6 6. Bc4 e6 7. Be3 a6 8. Qe2 Be7 9. 0-0-0 Nxd4 10. Bxd4 b5 11. Bb3 0-0 12. g4 b4 13. Na4 Bd7 14. g5 Bb5 15. Qe1 Nd7 16. Qxb4 e5 17. Bc3 d5 18. Qa5 Bxg5+ 19. Kb1 d4 20. Qxd8 Raxd8 21. Bb4 Rfe8 22. c4 Bc6 23. f3 Re6 24. h4 Be3 25. h5 Rb8 26. Bd2 Bxd2 27. Rxd2 Rf6 28. Bd1 Rb4 29. a3 Rxa4 30. Bxa4 Bxa4 31. Rh3 Bb3 32. f4 Nc5 33. f5 g6 34. hxg6 fxg6 35. Rdh2 gxf5 36. Rxh7 fxe4 37. Rh8+ Kf7 38. R2h7+ Ke6 39. Re8+ Kd6 40. Rd8+ Kc6 41. Rc8+ Kb6 42. Rb8+ Ka5 43. Rxb3 Nxb3 44. Rb7 Nd2+ 45. Kc2 Nxc4 46. Rc7 Nd6 0-1

[Event "Sitges op 46th"]
[Site "Sitges"]
[Date "2022.07.30"]
[Round "9"]
[White "Munoz Pantoja, Miguel Angel"]
[Black "Saurabh, Anand"]
[Result "1/2-1/2"]
[WhiteElo "2408"]
[BlackElo "2215"]
[PlyCount "124"]
[EventDate "2022.07.22"]
[EventType "swiss"]
[EventRounds "9"]
[EventCountry "ESP"]
[SourceTitle "CBM 209 Extra"]
[Source "ChessBase"]
[SourceDate "2022.09.30"]
[SourceVersion "1"]
[SourceVersionDate "2022.09.30"]
[SourceQuality "1"]

1. e4 e5 2. Nf3 Nc6 3. Nc3 Nf6 4. d4 exd4 5. Nxd4 Bb4 6. Nxc6 bxc6 7. Bd3 d5 8. exd5 cxd5 9. 0-0 0-0 10. Bg5 c6 11. Qf3 h6 12. Bxf6 Qxf6 13. Qxf6 gxf6 14. Ne2 Bd7 15. c4 Rfe8 16. cxd5 cxd5 17. Nf4 Re5 18. Rfd1 Bg4 19. f3 Bc5+ 20. Kf1 Be3 21. Nxd5 Rxd5 22. fxg4 Rad8 23. Be2 Rxd1+ 24. Rxd1 Rxd1+ 25. Bxd1 Bc1 26. b4 Kf8 27. Ke2 Ba3 28. b5 Ke7 29. Kd3 f5 30. gxf5 f6 31. Ke4 Kd6 32. Kf4 Ke7 33. Kg4 Kf8 34. h3 Bb4 35. a4 Ba5 36. Kh5 Kg7 37. Kg4 Kf8 38. Kf4 Ke7 39. Ke4 Kd6 40. Bb3 Bb6 41. g4 Bf2 42. a5 Be1 43. b6 a6 44. b7 Kc7 45. Kd5 Kxb7 46. Ke6 Bh4 47. Kd7 Be1 48. Bd5+ Ka7 49. Ke7 Bh4 50. Kf7 Kb8 51. Bc4 Kb7 52. Kg6 Bg5 53. Be2 Ka7 54. Kh5 Bd2 55. Bf3 Kb8 56. Kg6 Bg5 57. Kf7 Kc7 58. Ke7 Bh4 59. Be2 Kb7 60. Kd7 Be1 61. Bf3+ Kb8 62. Ke6 Bh4 1/2-1/2

[Event "Sitges op 46th"]
[Site "Sitges"]
[Date "2022.07.27"]
[Round "6"]
[White "Cruz, Jonathan"]
[Black "Saurabh, Anand"]
[Result "1-0"]
[WhiteElo "2375"]
[BlackElo "2215"]
[PlyCount "81"]
[EventDate "2022.07.22"]
[EventType "swiss"]
[EventRounds "9"]
[EventCountry "ESP"]
[SourceTitle "CBM 209 Extra"]
[Source "ChessBase"]
[SourceDate "2022.09.30"]
[SourceVersion "1"]
[SourceVersionDate "2022.09.30"]
[SourceQuality "1"]

1. e4 c5 2. Nf3 d6 3. c3 Nf6 4. g3 Bd7 5. Qe2 Bc6 6. d3 g6 7. Bg2 Bg7 8. 0-0 0-0 9. Nfd2 Nfd7 10. a4 a6 11. a5 b5 12. axb6 Nxb6 13. Nb3 Ra7 14. Na5 Qd7 15. Be3 Ba8 16. Ra2 Rc7 17. Nd2 d5 18. exd5 Bxd5 19. Nac4 Bxg2 20. Kxg2 Qd5+ 21. Qf3 Rd8 22. Bf4 Qxf3+ 23. Nxf3 Rb7 24. Nxb6 e5 25. Bg5 f6 26. Na4 fxg5 27. Nxc5 Rb5 28. Ne6 Rxd3 29. Nexg5 a5 30. Ne4 Nc6 31. Nfd2 h6 32. Nc4 g5 33. Rfa1 Rdd5 34. Ra4 Kh7 35. Ne3 Rd7 36. Rc4 Nd8 37. Ra2 Nb7 38. Rc6 Kg8 39. Nf5 h5 40. Rg6 Kh7 41. Rxg5 1-0

[Event "Sitges op 46th"]
[Site "Sitges"]
[Date "2022.07.26"]
[Round "5"]
[White "Najar Arrieta, Oriol"]
[Black "Saurabh, Anand"]
[Result "0-1"]
[WhiteElo "1698"]
[BlackElo "2215"]
[PlyCount "86"]
[EventDate "2022.07.22"]
[EventType "swiss"]
[EventRounds "9"]
[EventCountry "ESP"]
[SourceTitle "CBM 209 Extra"]
[Source "ChessBase"]
[SourceDate "2022.09.30"]
[SourceVersion "1"]
[SourceVersionDate "2022.09.30"]
[SourceQuality "1"]

1. e4 c5 2. Nf3 d6 3. d4 cxd4 4. Nxd4 Nf6 5. Nc3 Nc6 6. Bg5 e6 7. Qd2 a6 8. 0-0-0 Bd7 9. f4 Be7 10. Kb1 b5 11. Bxf6 Bxf6 12. Nxc6 Bxc6 13. Qxd6 Qxd6 14. Rxd6 Rc8 15. e5 Be7 16. Rd2 g5 17. fxg5 Bxg5 18. Re2 Bf4 19. a3 Ke7 20. h4 Bb7 21. Rh3 Rc5 22. g3 Bxe5 23. Ne4 Rd5 24. Nd2 Bb8 25. Bg2 Re5 26. Rxe5 Bxg2 27. Rh2 Bxe5 28. Rxg2 Rg8 29. Nf1 f5 30. c3 Rg4 31. Kc2 f4 32. Nh2 Rxg3 33. Rxg3 fxg3 34. Nf3 g2 35. Kd3 Bh2 36. c4 bxc4+ 37. Kxc4 g1Q 38. Nxg1 Bxg1 39. b4 Kd6 40. a4 e5 41. h5 e4 42. b5 a5 43. Kb3 Bb6 0-1

[Event "Sitges op 46th"]
[Site "Sitges"]
[Date "2022.07.23"]
[Round "2"]
[White "Saurabh, Anand"]
[Black "Nagare, Akhilesh"]
[Result "1-0"]
[WhiteElo "2215"]
[BlackElo "1856"]
[PlyCount "65"]
[EventDate "2022.07.22"]
[EventType "swiss"]
[EventRounds "9"]
[EventCountry "ESP"]
[SourceTitle "CBM 209 Extra"]
[Source "ChessBase"]
[SourceDate "2022.09.30"]
[SourceVersion "1"]
[SourceVersionDate "2022.09.30"]
[SourceQuality "1"]

1. d4 Nf6 2. c4 e6 3. Nf3 d5 4. Nc3 c5 5. cxd5 exd5 6. Bg5 cxd4 7. Bxf6 Qxf6 8. Nxd5 Qd8 9. Qxd4 Nc6 10. Qd2 Be6 11. Nc3 Qa5 12. e3 Bb4 13. Bd3 0-0 14. 0-0 Rac8 15. Rfc1 Ne5 16. Nxe5 Qxe5 17. a3 Bd6 18. f4 Qh5 19. Be2 Qc5 20. Ne4 Qb6 21. Rxc8 Rxc8 22. Nxd6 Rd8 23. Rd1 Bb3 24. Rc1 Be6 25. Qd4 Qxd4 26. exd4 Rxd6 27. Rc7 Rxd4 28. Rxb7 Kf8 29. b4 a5 30. bxa5 Ra4 31. a6 Bd5 32. Rd7 Be4 33. Bb5 1-0

[Event "Sitges op 46th"]
[Site "Sitges"]
[Date "2022.07.22"]
[Round "1"]
[White "Shah, Vishwa"]
[Black "Saurabh, Anand"]
[Result "0-1"]
[WhiteElo "1931"]
[BlackElo "2215"]
[PlyCount "72"]
[EventDate "2022.07.22"]
[EventType "swiss"]
[EventRounds "9"]
[EventCountry "ESP"]
[SourceTitle "CBM 209 Extra"]
[Source "ChessBase"]
[SourceDate "2022.09.30"]
[SourceVersion "1"]
[SourceVersionDate "2022.09.30"]
[SourceQuality "1"]

1. e4 c5 2. Nf3 d6 3. d3 Nc6 4. g3 g6 5. Bg2 Bg7 6. 0-0 e5 7. c3 Nge7 8. a3 0-0 9. b4 a6 10. Nbd2 h6 11. Rb1 b5 12. Nb3 c4 13. dxc4 bxc4 14. Nbd2 f5 15. Qe2 fxe4 16. Nxe4 d5 17. Nc5 Bf5 18. Ra1 Bd3 19. Nxd3 cxd3 20. Qb2 Nf5 21. Be3 e4 22. Nd4 Ncxd4 23. cxd4 Nxe3 24. fxe3 Qg5 25. Rf4 Rac8 26. Rc1 Rxc1+ 27. Qxc1 Rxf4 28. gxf4 Qg4 29. Qd2 Bf6 30. a4 Qc8 31. Bf1 Kh7 32. Qg2 Qc1 33. Qh3 d2 34. Qd7+ Bg7 35. f5 Qxf1+ 36. Kxf1 d1Q+ 0-1

[Event "Paracin op-A 15th"]
[Site "Paracin"]
[Date "2022.07.16"]
[Round "9"]
[White "Saurabh, Anand"]
[Black "Gundavaa, Bayarsaihan"]
[Result "0-1"]
[WhiteElo "2215"]
[BlackElo "2503"]
[PlyCount "92"]
[EventDate "2022.07.08"]
[EventType "swiss"]
[EventRounds "9"]
[EventCountry "SRB"]
[SourceTitle "CBM 209 Extra"]
[Source "ChessBase"]
[SourceDate "2022.09.30"]
[SourceVersion "1"]
[SourceVersionDate "2022.09.30"]
[SourceQuality "1"]

1. d4 Nf6 2. c4 e6 3. Nf3 d5 4. Nc3 a6 5. c5 Nc6 6. Bf4 Be7 7. e3 Nh5 8. Bd3 f5 9. Ne5 Nxf4 10. exf4 Nxe5 11. fxe5 0-0 12. 0-0 b6 13. b4 a5 14. a3 c6 15. Na4 bxc5 16. bxc5 Ba6 17. Rb1 Qc7 18. Rb6 Bxd3 19. Qxd3 Bd8 20. Rfb1 Qc8 21. Qb3 f4 22. f3 h6 23. Rb7 Bc7 24. Nc3 Rf7 25. Ne2 Qe8 26. Qd3 a4 27. Qg6 Qc8 28. R1b4 Ra5 29. h4 Ra8 30. h5 Rf5 31. Rxc7 Qxc7 32. Qxe6+ Qf7 33. Qxc6 Re8 34. Rb7 Qxh5 35. Qxd5+ Kh8 36. c6 Qh4 37. Rb1 Rh5 38. Kf1 Qg5 39. Qd7 Qg6 40. Qxe8+ Qxe8 41. c7 Rh1+ 42. Ng1 Kh7 43. d5 Qg6 44. Re1 Qd3+ 45. Kf2 Qd4+ 46. Ke2 Qxe5+ 0-1

[Event "Novi Sad Serbia op-A"]
[Site "Novi Sad"]
[Date "2022.07.03"]
[Round "6"]
[White "Joshua, AP."]
[Black "Saurabh, Anand"]
[Result "1-0"]
[WhiteElo "2163"]
[BlackElo "2260"]
[PlyCount "77"]
[EventDate "2022.06.28"]
[EventType "swiss"]
[EventRounds "9"]
[EventCountry "SRB"]
[SourceTitle "EXT 2023"]
[Source "ChessBase"]
[SourceDate "2022.10.05"]
[SourceVersion "1"]
[SourceVersionDate "2022.10.05"]
[SourceQuality "1"]

1. d4 d5 2. Nc3 f5 3. Bg5 h6 4. Bf4 Nf6 5. Nb5 Na6 6. e3 c6 7. Nc3 e6 8. Be2 Bd6 9. Bxa6 bxa6 10. Nf3 Rb8 11. Bxd6 Qxd6 12. b3 Nd7 13. 0-0 a5 14. Qd2 0-0 15. Na4 Qb4 16. c3 Qa3 17. Qd3 c5 18. dxc5 Nxc5 19. Nxc5 Qxc5 20. Qd4 Qc7 21. Rfc1 Ba6 22. Ne5 Rfc8 23. f4 Rb5 24. Rc2 Rc5 25. Rac1 Kh7 26. h3 Bb5 27. Kh2 Qe7 28. Rg1 Qc7 29. Rgc1 Qe7 30. Rd2 a4 31. c4 axb3 32. axb3 dxc4 33. bxc4 a5 34. Rb2 a4 35. Rcb1 Bxc4 36. Rb7 Qf6 37. Rf7 Qd8 38. Rbb7 Qg8 39. Qd7 1-0

[Event "Novi Sad Serbia op-A"]
[Site "Novi Sad"]
[Date "2022.07.01"]
[Round "4"]
[White "Kadam, Om Manish"]
[Black "Saurabh, Anand"]
[Result "1/2-1/2"]
[WhiteElo "2098"]
[BlackElo "2260"]
[PlyCount "123"]
[EventDate "2022.06.28"]
[EventType "swiss"]
[EventRounds "9"]
[EventCountry "SRB"]
[SourceTitle "EXT 2023"]
[Source "ChessBase"]
[SourceDate "2022.10.05"]
[SourceVersion "1"]
[SourceVersionDate "2022.10.05"]
[SourceQuality "1"]

1. e4 e5 2. Nf3 Nc6 3. g3 g6 4. Bg2 Bg7 5. 0-0 Nge7 6. c3 f5 7. d4 0-0 8. Nxe5 Bxe5 9. dxe5 Nxe5 10. Bh6 Re8 11. Bg5 Nf7 12. Bxe7 Qxe7 13. exf5 gxf5 14. Nd2 d6 15. Nf3 Bd7 16. Re1 Qf6 17. Qd2 Bc6 18. Qf4 Bxf3 19. Qxf3 c6 20. Qf4 Re5 21. Qd2 Rae8 22. f4 R5e6 23. Kf2 d5 24. Rxe6 Qxe6 25. Re1 Qxe1+ 26. Qxe1 Rxe1 27. Kxe1 Nd6 28. Ke2 Kf7 29. Bf3 Ke6 30. h3 h6 31. b3 Kf6 32. Ke3 Ke6 33. Kd4 b6 34. b4 Nc4 35. Be2 Nd2 36. Bd3 Ne4 37. Bxe4 fxe4 38. c4 Kf5 39. cxd5 cxd5 40. b5 h5 41. Ke3 d4+ 42. Kxd4 h4 43. gxh4 Kxf4 44. h5 e3 45. Kd3 Kf3 46. h6 e2 47. h7 e1Q 48. h8Q Qb1+ 49. Kd2 Qxa2+ 50. Kc1 Qc4+ 51. Kd2 Qd5+ 52. Kc1 Qc5+ 53. Kd2 Qg5+ 54. Kc2 Qf5+ 55. Kd2 Qxb5 56. Qf6+ Kg3 57. Qg7+ Kxh3 58. Qxa7 Kg4 59. Qf7 Qc5 60. Kd3 b5 61. Qg6+ Kf4 62. Qh6+ 1/2-1/2

[Event "Novi Sad Serbia op-A"]
[Site "Novi Sad"]
[Date "2022.06.29"]
[Round "2"]
[White "Karthik, Venkataraman"]
[Black "Saurabh, Anand"]
[Result "1-0"]
[WhiteElo "2483"]
[BlackElo "2260"]
[PlyCount "103"]
[EventDate "2022.06.28"]
[EventType "swiss"]
[EventRounds "9"]
[EventCountry "SRB"]
[SourceTitle "EXT 2023"]
[Source "ChessBase"]
[SourceDate "2022.10.05"]
[SourceVersion "1"]
[SourceVersionDate "2022.10.05"]
[SourceQuality "1"]

1. e4 e5 2. Nf3 Nc6 3. Bb5 a6 4. Ba4 Nf6 5. 0-0 Be7 6. Re1 b5 7. Bb3 0-0 8. a4 Bb7 9. d3 d6 10. c3 Na5 11. Ba2 c5 12. Bg5 Qc7 13. Na3 b4 14. cxb4 cxb4 15. Nc4 Nxc4 16. Bxc4 a5 17. Qb3 h6 18. Rac1 Qd8 19. Bxf6 Bxf6 20. Bd5 Qb6 21. Rc2 Rac8 22. Rec1 Rxc2 23. Rxc2 Bd8 24. Bxb7 Qxb7 25. Qd5 Qxd5 26. exd5 Bb6 27. Rc6 Rb8 28. Rxd6 Rc8 29. Rc6 Rxc6 30. dxc6 f6 31. d4 exd4 32. Nxd4 Kf7 33. Nb5 Ke6 34. b3 Bc5 35. Kf1 Bd6 36. h3 Be5 37. Ke2 g5 38. Kd3 h5 39. f3 h4 40. Kc4 Kf5 41. c7 Bxc7 42. Nxc7 Kf4 43. Kd3 Kg3 44. Ke2 Kxg2 45. Nd5 f5 46. Ne3+ Kxh3 47. Kf2 g4 48. Nxf5 g3+ 49. Kg1 g2 50. Nxh4 Kg3 51. Nxg2 Kxf3 52. Kf1 1-0

[Event "Veliko Gradiste Silver Lake op-A"]
[Site "Veliko Gradiste"]
[Date "2022.06.22"]
[Round "5"]
[White "Saurabh, Anand"]
[Black "Divitt, Arora"]
[Result "1/2-1/2"]
[WhiteElo "2260"]
[BlackElo "1694"]
[PlyCount "25"]
[EventDate "2022.06.19"]
[EventType "swiss"]
[EventRounds "9"]
[EventCountry "SRB"]
[SourceTitle "CBM 209 Extra"]
[Source "ChessBase"]
[SourceDate "2022.09.30"]
[SourceVersion "1"]
[SourceVersionDate "2022.09.30"]
[SourceQuality "1"]

1. f3 e5 2. g3 d5 3. Nh3 c5 4. Nf2 Nc6 5. Bg2 Be6 6. d3 f5 7. e4 Nf6 8. 0-0 fxe4 9. fxe4 d4 10. a4 Qd7 11. Nd2 Be7 12. Nf3 Ng4 13. Ng5 1/2-1/2

[Event "Hanoi IM"]
[Site "Hanoi"]
[Date "2022.05.28"]
[Round "7"]
[White "Concio, Michael Jr"]
[Black "Saurabh, Anand"]
[Result "1-0"]
[WhiteElo "2211"]
[BlackElo "2263"]
[PlyCount "59"]
[EventDate "2022.05.24"]
[EventType "tourn"]
[EventRounds "9"]
[EventCountry "VIE"]
[EventCategory "1"]
[SourceTitle "CBM 208 Extra"]
[Source "ChessBase"]
[SourceDate "2022.07.31"]
[SourceVersion "1"]
[SourceVersionDate "2022.07.31"]
[SourceQuality "1"]

1. g3 d5 2. Bg2 e5 3. d3 g6 4. c4 d4 5. Nf3 Bg7 6. b4 f5 7. Bb2 c5 8. e3 dxe3 9. Nxe5 Nd7 10. Nc6 Bxb2 11. Nxd8 Kxd8 12. fxe3 Bxa1 13. bxc5 Bg7 14. d4 Ngf6 15. Qd2 Re8 16. Qa5+ Ke7 17. Nc3 Kf7 18. Kd2 Ng4 19. Re1 Ndf6 20. Nb5 Bd7 21. Nd6+ Kf8 22. Nxe8 Rxe8 23. Bxb7 Nxe3 24. Rxe3 Bh6 25. c6 Rxe3 26. cxd7 Nxd7 27. Kc2 Re2+ 28. Kb1 Nb6 29. Bd5 Re7 30. c5 1-0